000 00667nam a2200169Ia 4500
003 GCL
008 140319s9999 xx 000 0 ara d
040 _aGCL /
_cGCL
082 0 4 _a956.046
_bد ص
100 1 _aدار الاسوشيتدبرس
245 1 0 _aصاعقة من اسرائيل: حرب الايام الستة فى الشرق الاوسط /
_cدار الاسوشيتدبرس
490 _aالهيئة العامة للاستعلامات
_v0
650 0 4 _aالنزاع العربى الاسرائيلى
650 0 4 _aالحروب العربية الاسرائيلية
650 0 4 _aاسرائيل - تاريخ - العصر الحديث
942 _2ddc
_cBK
999 _c51020
_d51020